00549nam a2200181Ia 4500003000400000008004100004040001600045082001800061100002400079245005000103700004100153700003500194300001100229490003100240650003200271650003400303650003000337GCL140319s9999 xx 000 0 ara d aGCL / cGCL04a833.03bا ل1 aالياس خورى10aليلة لشبونة / cالياس خورى1 aريمارك، اريشى ماريا1 aليلى نعيم (ترجمة) a291 ص aذاكرة الشعوبv004aالادب الالمانى04aالقصص الالمانية04aالقصص الطويلة